| 000 | 00873nam a22002297a 4500 | ||
|---|---|---|---|
| 003 | OSt | ||
| 005 | 20151016140002.0 | ||
| 008 | 130620s1987 sp ||||| |||| 00| 0 spa d | ||
| 040 | _cCDMR | ||
| 100 | 1 |
_93849 _aMadrid Santos, Francisco |
|
| 245 | 1 | 0 |
_aSolidaridad Obrera _b: un símbolo y mito de un periódico legendario _cPaco Madrid |
| 246 | 4 |
_a80 aniversario _bSolidaridad Obrera 1907-1987 |
|
| 260 |
_aBarcelona _bAteneu Enciclopèdic Popular _c1987 |
||
| 300 |
_a60 p. _bil. b/n _c21 cm |
||
| 500 | _aConté: Solidaridad Obrera, 1939-1987 / Ferran Aisa | ||
| 610 | 2 |
_93847 _aSolidaridad Obrera (Barcelona) |
|
| 650 | 0 | 4 |
_93575 _aLiteratura clandestina |
| 610 | 2 |
_93848 _aConfederación Nacional del Trabajo (Espanya) |
|
| 700 | 1 |
_91311 _aAisa, Ferran |
|
| 710 | 2 |
_93850 _aAteneu Enciclopèdic Popular _b -- Centre de Documentació Històrico-Social |
|
| 942 |
_2udc _cFULLET |
||
| 999 |
_c6504 _d6504 |
||